Music Quiz

Random Music Quiz

Name the Lyrics Quiz Stats

 Plays Quiz not verified by Sporcle

Challenge
Share
Tweet
Embed
Score 0/224 Timer 08:00
0 Plays Today
% Correct
a
97.2%
And
97.2%
And
97.2%
the
97.2%
and
97.2%
And
97.2%
And
97.2%
a
97.2%
And
97.2%
And
97.2%
the
97.2%
and
97.2%
the
97.2%
the
97.2%
and
97.2%
And
97.2%
the
97.2%
the
97.2%
and
97.2%
And
97.2%
and
97.2%
And
97.2%
the
97.2%
you
90.8%
you
90.8%
you
90.8%
you
90.8%
you
90.8%
you
90.8%
you
90.8%
you
90.8%
you
90.8%
you
90.8%
you
90.8%
you
90.8%
You
90.8%
you
90.8%
you
90.8%
you
90.8%
you
90.8%
you
90.8%
to
82.4%
to
82.4%
to
82.4%
to
82.4%
on
76.8%
be
76.8%
be
76.8%
is
75.4%
is
75.4%
it
74.6%
for
69.7%
your
69.7%
your
69.7%
your
69.7%
when
66.2%
when
66.2%
When
66.2%
what
62.7%
that
62%
that
62%
that
62%
that
62%
if
61.3%
if
61.3%
if
61.3%
so
60.6%
so
60.6%
so
60.6%
so
60.6%
so
60.6%
so
60.6%
are
59.9%
my
57%
my
57%
% Correct
my
57%
know
55.6%
know
55.6%
know
55.6%
know
55.6%
know
55.6%
know
55.6%
All
52.8%
all
52.8%
all
52.8%
all
52.8%
I'm
51.4%
I'm
51.4%
not
50.7%
not
50.7%
not
50.7%
not
50.7%
its
49.3%
its
49.3%
Time
45.1%
ever
45.1%
Time
45.1%
ever
45.1%
Time
45.1%
ever
45.1%
were
43%
We're
43%
We're
43%
don't
43%
like
43%
We're
43%
Was
41.5%
am
40.1%
But
38.7%
here
38%
I
37.3%
I
37.3%
I
37.3%
I
37.3%
I
37.3%
need
37.3%
I
37.3%
I'll
36.6%
I'll
36.6%
I'll
36.6%
should
33.8%
hear
33.1%
world
32.4%
world
32.4%
world
32.4%
world
32.4%
has
31%
get
31%
has
31%
down
30.3%
down
30.3%
down
30.3%
let
29.6%
never
28.9%
won't
28.9%
life
28.9%
won't
28.9%
won't
28.9%
won't
28.9%
won't
28.9%
them
27.5%
come
24.6%
come
24.6%
come
24.6%
come
24.6%
come
24.6%
tell
23.9%
feel
23.9%
Make
23.2%
these
21.1%
% Correct
these
21.1%
real
19.7%
even
18.3%
back
17.6%
turn
14.8%
still
14.1%
still
14.1%
alone
14.1%
thought
13.4%
didn't
13.4%
forever
13.4%
please
12%
please
12%
please
12%
please
12%
please
12%
comes
10.6%
waiting
10.6%
waiting
10.6%
home
9.9%
fall
9.9%
home
9.9%
home
9.9%
break
9.9%
light
9.9%
home
9.9%
home
9.9%
believe
8.5%
chance
7.7%
through
7.7%
through
7.7%
sleep
6.3%
words
6.3%
cold
5.6%
used
5.6%
waited
4.2%
broken
4.2%
broken
4.2%
broken
4.2%
Morning
3.5%
pain
3.5%
upon
2.8%
understand
2.1%
forgotten
2.1%
truths
2.1%
soul
2.1%
moves
2.1%
changed
2.1%
catch
2.1%
soul
2.1%
worn
2.1%
soul
2.1%
worn
2.1%
wall
1.4%
Remind
1.4%
answer
1.4%
steal
0.7%
belonged
0.7%
past
0.7%
steals
0.7%
steal
0.7%
sounds
0.7%
Angel's
0.7%
fires
0.7%
steal
0.7%
scrawl
0%
empty
0%
hopelessly
0%
pretending
0%
neon
0%
burn
0%
desires
0%
insane
0%
confused
0%

You're not logged in!

Compare scores with friends on all Sporcle quizzes.
Join for Free
OR
Log In

You Might Also Like...

Show Comments

Extras

Created Oct 11, 2011ReportNominate

Top Quizzes Today


Score Distribution

Your Account Isn't Verified!

In order to create a playlist on Sporcle, you need to verify the email address you used during registration. Go to your Sporcle Settings to finish the process.

Report this User

Report this user for behavior that violates our Community Guidelines.

Details: